| 000 | 00818nam a2200253 a 4500 | ||
|---|---|---|---|
| 001 | BRCA_5016 | ||
| 005 | 20190320204914.0 | ||
| 008 | 291010s1907----au-a######---#000-0#ger-# | ||
| 041 | _ager | ||
| 044 | _aau | ||
| 050 | 4 |
_aNE702.G6 _b.H64 1907 |
|
| 100 | 1 |
_aHofmann, Julius _912795 |
|
| 245 | 1 | 0 |
_aFrancisco de Goya _bKatalog Seines Graphischen Werkes _cvon Julius Hofmann. |
| 260 |
_aViena, Austria _bGesellschaft für Vervielfältigende Kunst _c1907 |
||
| 300 |
_a184 p. _bil., 18 láminas _c30 cm. |
||
| 500 | _aIncluye erratas y litografía | ||
| 500 | _aEstado físico: Encuadernación deteriorada | ||
| 500 | _aD115 | ||
| 600 | 1 | 4 |
_aGoya y Lucientes, Francisco José de _d1746-1828 _911075 |
| 650 | 1 | 4 |
_aGrabadores españoles _97740 |
| 650 | 1 | 4 |
_aPintores españoles _97620 |
| 902 | _aGFM | ||
| 942 |
_2lcc _cB |
||
| 999 |
_c4710 _d4710 |
||